000
00289nam a2200097Ia 4500
942
_c
BK
245
0
_a
ORGANIZATIONAL COMMUNICATION, EMPOWERMENT IN A TECHNOLOGICAL SOCIETY
100
_a
PATRICIA HAYES ANDREWS
700
_a
RICHARD T. HERSCHEL
008
210804s9999 xx 000 0 und d
999
_c
44870
_d
44869